| 000 | 00481nam a2200145Ia 4500 | ||
|---|---|---|---|
| 008 | 151213s9999 xx 000 0 und d | ||
| 020 | _a984-300-001727-9 | ||
| 100 | _aমিজানুর রহমান | ||
| 245 |
_aসাতক্ষীরার পুরাকীর্তি _cমিজানুর রহমান |
||
| 260 |
_aDhaka _bAsiatic Socitey _c2008 |
||
| 300 | _a7195 p. | ||
| 650 | _aReference | ||
| 700 | _aমিজানুর রহমান | ||
| 999 |
_c3833 _d3833 |
||